000 01258 a2200289 4500
003 Nust
005 20220721190138.0
010 _a 2004041886
020 _a0471346403
040 _cNust
082 0 0 _a004.66,GOL
100 1 _aGoldman, James E.
_994488
245 1 0 _aApplied data communications :
_ba business-oriented approach /
_cJames E. Goldman, Phillip T. Rawles.
250 _a4th ed.
260 _aHoboken, NJ :
_bWiley,
_c2004.
300 _axvi, 592 p. :
_bill. ;
_c27 cm.
505 _aData communication fundamentals (Page-1), Network transmission technologies (Page-114), Network protocols and administration (Page-250), Network development and management (Page-375).
650 0 _aBusiness enterprises
_xCommunication systems.
_912432
650 0 _aComputer networks.
_93677
650 0 _aData transmission systems.
_917977
650 0 _aElectronic data interchange.
_922265
700 1 _aRawles, Phillip T.
_994489
856 4 2 _3Contributor biographical information
_uhttp://www.loc.gov/catdir/bios/wiley045/2004041886.html
856 4 2 _3Publisher description
_uhttp://www.loc.gov/catdir/description/wiley041/2004041886.html
856 4 2 _3Table of contents
_uhttp://www.loc.gov/catdir/toc/wiley041/2004041886.html
942 _2ddc
_cBK
999 _c193425
_d193425